In the steps of St. Paul. (Record no. 5174)

000 -LEADER
fixed length control field 00522nam a2200181 a 4500
001 - CONTROL NUMBER
control field :::00002915$&:&@@
003 - CONTROL NUMBER IDENTIFIER
control field OkBaRHE
005 - DATE AND TIME OF LATEST TRANSACTION
control field 20000607103258.0
008 - FIXED-LENGTH DATA ELEMENTS--GENERAL INFORMATION
fixed length control field s1937 j 000 0 eng u
040 ## - CATALOGING SOURCE
Transcribing agency
100 1# - MAIN ENTRY--PERSONAL NAME
Personal name Morton, H. V.
245 10 - TITLE STATEMENT
Title In the steps of St. Paul.
260 ## - PUBLICATION, DISTRIBUTION, ETC. (IMPRINT)
Place of publication, distribution, etc London, UK:EN., :
Name of publisher, distributor, etc Methuen and Co., Ltd.
Date of publication, distribution, etc 1937
300 ## - PHYSICAL DESCRIPTION
Extent 440 p. ;
Dimensions 19 cm.
650 ## - SUBJECT ADDED ENTRY--TOPICAL TERM
Topical term or geographic name as entry element Paul, St.
942 ## - ADDED ENTRY ELEMENTS (KOHA)
Source of classification or shelving scheme
Koha item type Books
Copies
Full call number Damaged status Shelving location Source of classification or shelving scheme Price effective from Permanent Location Barcode Withdrawn status Copy number Koha item type Date last seen Not for loan Date acquired Lost status
BS 2505 .M6 General Stacks 2010-04-14RHEMA Bible Training College2915 1Books2018-03-16 2010-04-14